000 00738nam a22002297a 4500
999 _c17804
_d17804
003 AR-CdUCM
008 190509b ||||| |||| 00| 0 spa d
040 _aMUNICIPALIDAD PROVINCIAL DEL CUSCO
_cBIBLIOTECA MUNICIPAL DEL CUSCO
082 _a985.0013 /
_bM26
100 _aMariátegui, José Carlos
_92478
245 _aEl proletariado y su organización /
260 _aMéxico D. F. :
_bGrijalbo,
_c1970.
300 _a156 páginas ;
_c19 cm.
440 _aColección 70.
_n69
_937983
505 _aContenido: Ideas y análisis -- Las masas -- El partido.
650 _aSindicatos
_92512
650 _aOrganización
_94866
650 _aSocialismo
_91037
650 _aPerú
_935
942 _2ddc
_cLIBROS
945 _aachl
_d2019-05-09